LEADER 02301cam0-22004091i-450 001 990009764540403321 005 20190719121738.0 035 $a000976454 035 $aFED01000976454 035 $a(Aleph)000976454FED01 035 $a000976454 100 $a20130926h15531553km-y0itay50------ba 101 0 $alat 102 $aFR 140 $af-------a---------------1--- 141 $abf-d1bb-$5IT-Na0420-Rari-Geogr.-C-06-040--------------------------------------------- 200 1 $aC. Plinii Secundi Historiae mundi libri 37. Maiore, quam hactenus vnquam, studio, fide, religione emendati. Adiectis ad marginem succinctis quibusdam castigatiunculis, partim uetustissimorum codicum collatione erutis, partim ... Vna cum indice totius operis copiosissimo, ... 210 $aLugduni$cApud Ioannem Frellonium$d1553$eLugduni$gexcudebat Michael Syluius expensis Antonij Vincentij, & Ioannis Frellonij$h1553 215 $a2 pt. ([36], 679, [57] ; [180] p.$dfol. 300 $aMarca sul front. (Granchio e farfalla in cornice, Matura), iniziali xil. 307 $aSegn.: A-C? a-z? A-S? T-V? X-Z? 2A? a-l? m?. - Bianca l'ultima c. della 1. pt 317 $5IT-Na0420 Rari Geogr. C-06-040$aSul front. e sulla 1. p. timbro a stampa: Scientia et coscientia Giotto Dainelli con al centro l'immagine del Cervino, sul retro del front. etichetta a stampa: Ex libris Joachimi Prosperi Lucensis 318 $5IT-Na0420 Rari Geogr. C-06-040$aRicucitura delle carte e restauro della legatura nel 2006 327 0 $aPt 2.: In C. Plinii Secundi Naturalem historiam index copiosissimus. Non contemnenda nunc denuo accessione locupletatus, ... 500 10$aHistoria naturalis$912698 620 $aFrancia.$dLione 700 1$aPlinius Secundus,$bGaius$f<23-70>$0208975 719 00$aFrellon,$gJean$c<2.>$4650 801 0$aIT$bUNINA$gRICA$2UNIMARC 856 4 $zVisualizza la versione elettronica in Google Books$uhttps://books.google.it/books?id=VHa7nHFqvWYC&printsec=frontcover&hl=it&source=gbs_ge_summary_r&cad=0#v=onepage&q&f=false$e20190719 901 $aAQ 912 $a990009764540403321 952 $aRari Geogr. C-06-040(1)$bIst. 4537$fILFGE 952 $aRari Geogr. C-06-040(2)$bIst. s.i.$fILFGE 959 $aILFGE 996 $aHistoria naturalis$912698 997 $aUNINA LEADER 00864nam a2200253 i 4500 001 991002400019707536 005 20020508195552.0 008 931005s1989 uk ||| | eng 020 $a0521367816 035 $ab1100356x-39ule_inst 035 $aPARLA161841$9ExL 040 $aDip.to Filosofia$bita 100 1 $aRorty, Richard$0143803 245 10$aContingency, irony, and solidarity /$cRichard Rorty 260 $aCambridge :$bUniversity Press,$c1989 300 $aXVI, 201 p. ;$c22 cm. 650 4$aIRONIA 650 4$aSolidarieta 907 $a.b1100356x$b21-09-06$c28-06-02 912 $a991002400019707536 945 $aLE005 MF 36 F 31$g1$i2005000200069$lle005$o-$pE0.00$q-$rl$s- $t0$u0$v0$w0$x0$y.i11120174$z28-06-02 996 $aContingency, irony and solidarity$920548 997 $aUNISALENTO 998 $ale005$b01-01-93$cm$da $e-$feng$guk $h0$i1